Astronomi Islam dan perkembangan sains : kegemilangan masa lalu, cabaran masa depan

Bibliographic Details
Main Author: MOHAMMAD Ilyas
Other Authors: Juneta Zawawi, Norlida Jantan
Format: Book
Published: Kuala Lumpur : Institut Terjemahan Negara Malaysia , 2003
Subjects:

MARC

LEADER 00000cam a2200000 7i4500
001 0000002503
005 20030710.0
020 0 0 |a 9676113654 
090 0 0 |a 529.327   |b MOH 2003 
100 0 0 |a MOHAMMAD Ilyas 
245 1 0 |a Astronomi Islam dan perkembangan sains :   |b kegemilangan masa lalu, cabaran masa depan   |c Mohammad Ilyas, penterjemah, Juneta Zawawi, Norlida Jantan 
260 0 0 |a Kuala Lumpur :   |b Institut Terjemahan Negara Malaysia ,   |c 2003 
300 |a xiv, 135 p. ;   |c 25 cm. 
500 0 0 |a Includes bibliography: p. 122-129 and index 
650 0 0 |a Astronomy, Islamic 
650 0 0 |a Calendar, Islamic 
650 0 0 |a Islam and science 
700 0 1 |a Juneta Zawawi 
700 0 1 |a Norlida Jantan 
998 |a JPSM 
999 |a 0000004672   |b Monograph   |c Open Shelf   |e Default branch 
999 |a 0000004673   |b Monograph   |c Open Shelf   |e Default branch 
999 |a 0000004942   |b Monograph   |c Open Shelf   |e Default branch